Faculty of Law Library — Cairo University

Official Online Catalog

Trattato Dei Procedimenti Incidentali Nel Processo Penale / (Record no. 71802)

MARC details
000 -LEADER
fixed length control field 00950nam a2200301 i 4500
003 - CONTROL NUMBER IDENTIFIER
control field EG-GICUC
005 - DATE AND TIME OF LATEST TRANSACTION
control field 20260419102733.0
008 - FIXED-LENGTH DATA ELEMENTS--GENERAL INFORMATION
fixed length control field 260419s1953 it |||fr|||| 001 0 ita d
040 ## - CATALOGING SOURCE
Original cataloging agency EG-GiCUC
Language of cataloging ita
Transcribing agency EG-GiCUC
Modifying agency EG-GiCUC
Description conventions rda
041 ## - LANGUAGE CODE
Language code of text/sound track or separate title ita
082 04 - DEWEY DECIMAL CLASSIFICATION NUMBER
Edition number 21
Classification number 343.3.045
Item number SA . T
092 04 - LOCALLY ASSIGNED DEWEY CALL NUMBER (OCLC)
Edition number 21
099 ## - LOCAL FREE-TEXT CALL NUMBER (OCLC)
Classification number Law1 10 343.3.045 1953
100 1# - MAIN ENTRY--PERSONAL NAME
Personal name Sabatini, Giuseppe
Relator term Author.
245 10 - TITLE STATEMENT
Title Trattato Dei Procedimenti Incidentali Nel Processo Penale /
Statement of responsibility, etc. Giuseppe Sabatini.
264 #1 - PRODUCTION, PUBLICATION, DISTRIBUTION, MANUFACTURE, AND COPYRIGHT NOTICE
Place of production, publication, distribution, manufacture Italia :
Name of producer, publisher, distributor, manufacturer Unione Tipografico- Editrice Torinese,
Date of production, publication, distribution, manufacture, or copyright notice 1953.
300 ## - PHYSICAL DESCRIPTION
Extent 883 pages ;
Dimensions 24 cm
336 ## - CONTENT TYPE
Source rda content
Content type term text
337 ## - MEDIA TYPE
Source rda media
Media type term Computer
338 ## - CARRIER TYPE
Source rda carrier
Carrier type term Online Resource
500 ## - GENERAL NOTE
General note Include Index
546 ## - LANGUAGE NOTE
Language note Text in Italian
650 14 - SUBJECT ADDED ENTRY--TOPICAL TERM
Topical term or geographic name entry element Codice di procedura penale
Source of heading or term qrmak
651 1# - SUBJECT ADDED ENTRY--GEOGRAPHIC NAME
Source of heading or term qrmak
856 40 - ELECTRONIC LOCATION AND ACCESS
Uniform Resource Identifier <a href="https://fll.law.cu.edu.eg/fulltext/bks/B10-10357.pdf">https://fll.law.cu.edu.eg/fulltext/bks/B10-10357.pdf</a>
905 ## - Cataloger and Reviser Names
Cataloger Name: Mayar Adel
942 ## - ADDED ENTRY ELEMENTS (KOHA)
Source of classification or shelving scheme Dewey Decimal Classification
Koha item type Books
Edition 21
Suppress in OPAC No
Holdings
Withdrawn status Lost status Source of classification or shelving scheme Damaged status Not for loan Collection Home library Current library Date acquired Total checkouts Full call number Barcode Date last seen Copy number Price effective from Koha item type
    Dewey Decimal Classification Damaged Not for loan القانون الجنائي جــــامعة القــاهرة مكتبة كلية الحقوق - المبنى الرئيسي 19.04.2026   Law1 10 343.3.045 1953 1010357 C1 B10-10357 19.04.2026 1 19.04.2026 Books

© All rights reserved — Faculty of Law, Cairo University